Normal view
MARC view
- Wan Azmimi Wan Mohamed
Entry Personal Name
001 - CONTROL NUMBER
- control field: 6119
003 - CONTROL NUMBER IDENTIFIER
- control field: OSt
005 - DATE AND TIME OF LATEST TRANSACTION
- control field: 20170518153846.0
008 - FIXED-LENGTH DATA ELEMENTS
- fixed length control field: 170518|| aca||aabn | a|a d
040 ## - CATALOGING SOURCE
- Original cataloging agency: OSt
- Transcribing agency: OSt
100 ## - HEADING--PERSONAL NAME
- Personal name: Wan Azmimi Wan Mohamed
670 ## - SOURCE DATA FOUND
- Source citation: Work cat.: (OSt)0: An investigation of auditor and client tenure in Malaysian public listed companies /, 2007

PORTAL AKMAL
E-MEL JKDM
AKMAL2U
G-BAM
u-PUSTAKA